| 000 | 00465nam a2200169 4500 | ||
|---|---|---|---|
| 003 | LK-CoMWRAF | ||
| 005 | 20230906205857.0 | ||
| 008 | 230906b |||||||| |||| 00| 0 eng d | ||
| 020 | _a8181530578 | ||
| 040 |
_aLK-CoMWRAF _dLK-CoMWRAF _eLK-CoMWRAF |
||
| 041 | _aeng | ||
| 082 |
_a823 _bTWI |
||
| 245 |
_aTwin fairy tales : _bThe little bold tailor : The sparrow with the cut tongue |
||
| 260 |
_aDelhi : _bRainbow books, |
||
| 650 | _aChildren story | ||
| 942 | _cBK | ||
| 999 |
_c3437 _d3437 |
||